Negociar con resultados : (Registro nro. 6447)

Detalles MARC
000 -LEADER
fixed length control field 01977nam a22003257a 4500
003 - CONTROL NUMBER IDENTIFIER
control field OSt
005 - DATE AND TIME OF LATEST TRANSACTION
control field 20200220144340.0
008 - FIXED-LENGTH DATA ELEMENTS--GENERAL INFORMATION
fixed length control field 200207s2009 cl o|||fr|||| 00| 0 spa d
020 ## - INTERNATIONAL STANDARD BOOK NUMBER
International Standard Book Number 9789568827038
040 ## - CATALOGING SOURCE
Original cataloging agency CO-JMCR
Transcribing agency CO-JMCR
041 1# - LANGUAGE CODE
Language code of text/sound track or separate title spa
Language code of original eng
082 04 - DEWEY DECIMAL CLASSIFICATION NUMBER
Classification number 658.4 /
Item number C813n
Edition number 20
100 1# - MAIN ENTRY--PERSONAL NAME
Personal name Corman Aaron, Marjorie,
Relator term autora
9 (RLIN) 246
245 10 - TITLE STATEMENT
Title Negociar con resultados :
Remainder of title soluciones prácticas para los desafíos del día a día /
Statement of responsibility, etc. Marjorie Corman Aaron
250 ## - EDITION STATEMENT
Edition statement 1a. edición
260 ## - PUBLICATION, DISTRIBUTION, ETC.
Place of publication, distribution, etc. Santiago de Chile :
Name of publisher, distributor, etc. Harvard Business Press,
Date of publication, distribution, etc. 2009
300 ## - PHYSICAL DESCRIPTION
Extent x, 102 páginas :
Other physical details fotografías a blanco y negro ;
Dimensions 18 cm.
490 0# - SERIES STATEMENT
Series statement Serie Pocket Mentor
500 ## - GENERAL NOTE
General note Incluye datos biográficos de la autora en tapa posterior.
500 ## - GENERAL NOTE
General note "Cree valor, identifique oportunidades, sea flexible, establezca confianza"--Tapa
500 ## - GENERAL NOTE
General note Título original: Negotiating outcomes
504 ## - BIBLIOGRAPHY, ETC. NOTE
Bibliography, etc. note Bibliografía: páginas 101-102
505 0# - FORMATTED CONTENTS NOTE
Formatted contents note Negociar con resultados: lo básico -- Los tipos de negociación -- Las negociaciones multifase y multiparte -- Cuatro conceptos clave -- Nueve pasos para llegar a un acuerdo -- Tácticas de negociación -- Obstáculos para llegar a un acuerdo -- Trampas cognitivas -- Las destrezas de los negociadores eficaces -- Consejos y herramientas -- Herramientas para negociar con resultados
520 ## - SUMMARY, ETC.
Summary, etc. Usted pasa gran parte del día negociando con personas tanto dentro como fuera de su organización, en reuniones formales y en conversaciones informales con sus colegas. De cualquier manera, necesitará dominar las destrezas de negociación. Esta guía le ayudará a: comprender los tipos básicos de negociación, prepararse para una negociación, dirigirla y cerrarla y establecer y conservar buenas relaciones.
546 ## - LANGUAGE NOTE
Language note Traducido del inglés
650 14 - SUBJECT ADDED ENTRY--TOPICAL TERM
Topical term or geographic name entry element Negociación
9 (RLIN) 247
650 14 - SUBJECT ADDED ENTRY--TOPICAL TERM
Topical term or geographic name entry element Destrezas
General subdivision negociación en los negocios
9 (RLIN) 248
650 14 - SUBJECT ADDED ENTRY--TOPICAL TERM
Topical term or geographic name entry element Técnicas
General subdivision negociación
9 (RLIN) 249
942 ## - ADDED ENTRY ELEMENTS (KOHA)
Source of classification or shelving scheme Dewey Decimal Classification
Koha item type Books
Existencias
Withdrawn status Lost status Source of classification or shelving scheme Damaged status Not for loan Collection code Home library Current library Shelving location Date acquired Source of acquisition Cost, normal purchase price Total Checkouts Full call number Barcode Date last seen Date last checked out Copy number Price effective from Koha item type
    Dewey Decimal Classification     Non-fiction Biblioteca Pública José María del Castillo y Rada Biblioteca Pública José María del Castillo y Rada Processing Center 12/26/2019 Donación 0.00 2 658.4 / C813n 201809768 07/15/2025 07/14/2025 Ej.1 02/07/2020 Books